Závitová měřidla. STN 25 4265 : Mezní závitové kroužky - zmetková strana pr. 8 až 100 mm - Oblý závit. Účinnost: 1.10.1961

Enregistré dans:
Détails bibliographiques
Format: Livre
Langue:tchèque
Publié: Praha : Úřad pro normalizaci a měření, [1961]
Sujets:
Tags: Ajouter un tag
Pas de tags, Soyez le premier à ajouter un tag!

MARC

LEADER 00000nam a22000003a 4500
001 stu79561
005 20150408175431.1
008 030307s1961----cs------------------cze-d
040 |a STU  |b slo 
041 0 |a cze 
044 |a cs 
080 |a 531.729.5 
245 |a Závitová měřidla. STN 25 4265 :  |b Mezní závitové kroužky - zmetková strana pr. 8 až 100 mm - Oblý závit. Účinnost: 1.10.1961 
260 |a Praha :  |b Úřad pro normalizaci a měření,  |c [1961] 
300 |a 2 s 
650 7 |a meradlá závitové  |2 stusub 
996 |b 284M039412  |c M*N-730-1  |l MMKN  |s A  |a 24  |w stu79561_0001